000 00312nam a22001337a 4500
008 210308b ||||| |||| 00| 0 eng d
041 _aeng
080 _a51
082 _251
100 _a37
101 _aMAT
245 _alocalization and iteration of axiomatic set theory
_cArthur H.Kruse
942 _2udc
_cBK
999 _c55927
_d55927